000 01165cam a22003497a 4500
003 CHAP
005 20220329133344.0
008 971013s1991 r 00010 d
010 _a5359
011 _a6331
035 _a5551
040 _cCHAP
082 _a301.35
_bS6 1991
100 0 0 _aSpeedy, Andrew W.
_9109178
245 0 _aDeveloping world agriculture
260 _aLondon :
_bGrosvenor Press International,
_c[1991?]
300 _a256 p
590 _aBATCH-UPD
_b10
_c20130110
_lUCH01
_h0954
590 _aBATCH-UPD
_b10
_c20130410
_lUCH01
_h0607
590 _aBATCH-UPD
_b10
_c20130914
_lUCH01
_h1040
590 _aCONVERSION
_b10
_c20130109
_lUCH01
_h1304
650 1 4 _aControl de plagas.
_927595
650 1 4 _aDesarrollo rural.
_932067
650 1 4 _aGanado
_xProducción.
_944945
650 1 4 _aMaquinaria agrícola.
_971151
650 1 4 _aSuelos agrícolas.
_9110531
901 _aBK
942 _cLIBRO
949 _a301.35 S6 1991
_bBC
_cLIBRO
_d33724000226999
_eLIBRO
_fc.2
_h81189
_i5551
_si
949 _a301.35 S6 1991
_bBC
_cLIBRO
_d33724000227005
_eLIBRO
_fc.3
_h81190
_i5551
_si
949 _a301.35 S6 1991
_bBC
_cLIBRO
_d33724000227013
_eLIBRO
_h81188
_i5551
_si
999 _c5359
_d5359